| 000 | 00929nam a22002417a 4500 | ||
|---|---|---|---|
| 005 | 20240530110414.0 | ||
| 008 | 150225s2010 ua g 000 0 ara d | ||
| 017 |
_a2009/7430 _bمصر . دار الكتب المصرية |
||
| 020 | _a9773502589 | ||
| 040 | _aEG-CaGPL | ||
| 041 | 0 | _aara | |
| 082 | 0 | 4 |
_221 _a953.02\ _bم د |
| 100 | 0 | _aمحمد حسن العيدروس | |
| 245 | 1 | 2 |
_aالدولة الاسلامية الثانية : _bدولة الخلافة الاسلامية / _cمحمد حسن العيدروس |
| 260 |
_aالقاهرة : _bدار الكتاب الحديث ، _c2010 |
||
| 300 |
_a763 ص ؛ _c24 سم |
||
| 650 | 0 | 4 | _aالتاريخ الاسلامى |
| 650 | 0 | 4 |
_aالعالم العربى _xتاريخ _yعصر صدر الاسلام |
| 650 | 0 | 4 | _aالفتوحات الاسلامية |
| 650 | 0 | 4 | _aالخلفاء الراشدون |
| 942 |
_2ddc _cBK |
||
| 999 |
_c60513 _d60513 |
||